000 00211 a2200097 4500
001 17048
100 _aDickens Charles
245 _aTale of Two cities
260 _aLondon
_bMacdonald
_c
090 _c12714
_d12714
942 _aNUST-CAE
_cM
_c3019
999 _c252121
_d252121